Movilidad de niños /

Сохранить в:
Библиографические подробности
Главный автор: Cortés-Morales, Susana
Другие авторы: Christensen, Pia
Формат:
Язык:Spanish
Метки: Добавить метку
Нет меток, Требуется 1-ая метка записи!

MARC

LEADER 00000nam a22000007a 4500
003 cru CRAI/IIS
005 20200116150654.0
008 200116t2018 ag |||||r|||| 00| 0 spa d
999 |c 42854  |d 42854 
040 |c cru CRAI/IIS 
100 1 |9 8952  |a Cortés-Morales, Susana 
245 1 |a Movilidad de niños /  |c Susana Cortés-Morales, Pia Christensen 
300 |a páginas 113-118 
700 1 |9 8953  |a Christensen, Pia 
773 0 |0 42699  |9 3983  |a Zunino Singh, Dhan  |d Buenos Aires, Argentina Editorial Biblos 2018  |o 18714  |t Términos claves para los estudios de movilidad en América Latina /  |z 9789876916479 
942 |2 ddc  |c LI